000 00497nam a2200157Ia 4500
008 210716s2018 xx 000 0 und d
020 _a9789353062668
041 _aeng
082 _a174.9658 FERA
100 _aFernando, A C; Muraleedharan, K P; Satheesh, E K.
245 _aCorporate governance: principles policies and practices.
_bPrinciples policies and practices.
250 _a3
260 _aNew Delhi
_bPearson Education
_c2018
300 _axxiii,669
650 _aCorporate Governance
999 _c211013
_d211013